Представление документа в формате RUSMARC

ПолеНазваниеЗначение
  Тип записи a
  Библиографический уровень m
001 Контрольный номер RU/SLIB/B/208782918
005 Дата корректировки 20260623142235.6
010 Индекс ISBN __
a ISBN 5-8291-0326-5
d Цена 160-05
100 Данные общей обработки __
a Данные общей обработки 19051226d2005 |||y0rusy0189 ca
101 Язык документа 0_
a Язык текста rus
c Язык оригинала rus
102 Страна публикации __
a Страна публикации RU
105 Кодированные данные (монография) __
a Кодированные данные (монография) y j 000zy
200 Заглавие и сведения об ответственности 1_
a Заглавие Семейная психология
e Сведения, относящиеся к заглавию [учеб. пособие]
f Первые сведения об ответственности Л. Б. Шнейдер
b Общее обозначение материала Текст
210 Выходные данные 1_
a Место издания М.
c Издательство Акад. проект
210 Выходные данные 1_
a Место издания Екатеринбург
c Издательство Деловая кн.
d Дата издания 2005
215 Физическое описание __
a Объем 766 с.
225 Серия 2_
a Серия Учебное пособие для вузов
225 Серия 2_
a Серия Gaudeamus
320 Библиография __
a Библиография Библиогр.: с. 732-762 (701 назв.)
330 Аннотация __
a Аннотация Психологический анализ семейных отношений как комплексной проблемы, принадлежащей социально-психологической и субъективно-психологической реальности.
606 Тематические рубрики __
a Основная рубрика Психология
2 Код системы nlr_sh
606 Тематические рубрики __
a Основная рубрика Социальная психология
2 Код системы nlr_sh
610 Ключевые слова 0_
a Ключевые слова семейная психология; психология семьи; семьи; брак; история семей; русские семьи; брачно-семейные отношения; брачно-семейные споры; семейная жизнь; современные семьи; семейные отношения; структура семьи; молодые семьи; супружеские отношения; супружеские пары; супружество; семейные конфликты; семейные кризисы; семейные обязанности; любовь; теория любви; матери; дети; материнство; отцовство; сексуальность; сексуальные взаимоотношения; сексуальные отношения; разводы; общество; социум; социальное воспитание; семейное консультирование; семейное неблагополучие
686 Индексы других классификаций __
a Классификационный индекс 88.576я73
2 Код системы rubbks
700 Автор _1
a Фамилия Шнейдер
b Имя Л. Б.
g Полное личное имя Лидия Бернгардовна
4 Код отношения 070
801 Источник записи _0
a Страна RU
b Организация Муниципальное бюджетное учреждение культуры "Централизованная библиотечная система" г. Сургут (Центральная городская библиотека им. А. С. Пушкина)
c Дата составления 20051226
g Правила каталогизации PSBO
801 Источник записи _1
a Страна RU
b Организация Муниципальное бюджетное учреждение культуры "Централизованная библиотечная система" г. Сургут (Центральная городская библиотека им. А. С. Пушкина)
c Дата составления 20051226
g Правила каталогизации PSBO
852 Данные о местонахождении __
j Шифр хранения 88.576я73
c Каталожный индекс 88.5я73
i Авторский знак Ш 76
p Инвентарный номер 06021886
901 Тип документа __
t Тип документа m
a Ответственный КиК/Поспелова
901 Тип документа __
a Ответственный рекл26
903 Характеристики (МАРС) __
a Дата передачи 20060210
969 Тип издания __
a Тип издания учебное пособие
990 Данные о заказе (DOS) __
t N записи в КСУ для И/У (DOS) 200602
j Количество экземпляров (DOS) 1